| 000 | 00370pab a2200157 454500 | ||
|---|---|---|---|
| 008 | 180718b2011 xxu||||| |||| 00| 0 eng d | ||
| 100 | _aGopalan, V. | ||
| 245 | _aGovernment accounting and financial reporting | ||
| 260 | _c2011 | ||
| 300 | _ap.890-891. | ||
| 362 | _aOct | ||
| 650 | _aAccounting | ||
| 773 | _aManagement Accountant | ||
| 908 | _aN | ||
| 909 | _a95435 | ||
| 999 |
_c95435 _d95435 |
||